000
00213nam a22000857a 4500
008
161212b xxu||||| |||| 00| 0 eng d
100
_9
1996
_a
CBSE
245
_a
Model.T.P. Physics-XII
260
_a
New Delhi
_b
B.B.P.
_c
2011
999
_c
4835
_d
4835